000 00594nam a2200181Ia 4500
003 GCL
008 140319s9999 xx 000 0 ara d
040 _aGCL /
_cGCL
082 0 4 _a189
_bوك
100 1 _aمحمد جلال شرف
245 1 0 _aكتاب الاعضاء والنفس والعقل والهوى للحكيم الترمذى /
_cمحمد جلال شرف
700 1 _aوجيه احمد عبدالله
260 _a[S.N] :
_bدار المعرفة الجامعية ،
_c1991
300 _a235 ص
490 _a
650 0 4 _aالفلسفة الاسلامية
942 _2ddc
_cBK
999 _c44450
_d44450